Statistics for 50 Multiple Choice General Knowledge Quiz.

Click here to take the quiz!

General Stats

  • This quiz has been taken 43 times
  • The average score is 38 of 50

Answer Stats

QuestionAnswer% Correct
What’s the fastest land animal in the world?Cheetah
100%
Which country is responsible for giving us pizza and pasta?Italy
100%
What is meteorology the study of?Weather
100%
In which year World War I begin?1914
97%
What is 1+1+1+1+19+225
97%
How many stars are on the United States flag?50
97%
What is the tallest building in the world?Burj Khalifa
97%
What does DC stand for?Detective comics
97%
A verdict is a…Judgement
97%
Bill Gates is the founder of which company?Microsoft
97%
What is the smallest US state by area?Rhode Island
97%
Who was the first Disney princess?Snow White
97%
What is the national sport of Japan?Sumo Wrestling
97%
What colors is the flag of the United Nations?Blue and white
94%
What meat is used in shepherds pie?Lamb
94%
Which boxer was known as “The Greatest” and “The People’s Champion”?Muhammed Ali
94%
How many pins are there in a bowling lane?10
91%
Which companies are part of the Big Three?All of them
91%
Which country invented tea?China
91%
What job does Mario and Luigi have?Plumbing
91%
What disease commonly spread on pirate ships?Scurvy
91%
Which cartoon character lives in a pineapple under the sea?Spongebob Squarepants
91%
Which musical legend is Jay-Z married to?Beyonce
88%
What is the 4th letter of the Greek alphabet?Delta
88%
What is the symbol for potassium?K
85%
What was the name of the Egyptian God of the Sun?Ra
85%
What country was Elon Musk born in?South Africa
85%
What is the regular height for a NBA basket?10 feet
79%
In what year did the first Star Wars movie come out?1977
79%
What artist has the most streams on spotify?Drake
79%
What phone company produced the 3310?Nokia
79%
Who made the Red Dead Redemption games?Rockstar Games
79%
How many continents are there?7
76%
What animal is on Levi’s logo?Horse
76%
What part of the atom has no electric charge?Neutron
76%
How many minutes are in a full week?10,080
64%
What is Yoda's species?No one knows
64%
How many championships did Michael Jordan win?6
61%
In which period did ballet originate?Italian Renaissance
61%
What company was initially known as "Blue Ribbon Sports"?Nike
52%
How long did the Middle Ages last?1000 years
48%
What year was the very first model of the iPhone released?2007
48%
What console was the first Smash Bros game released in?N64
48%
How many hearts does an octopus have?3
42%
Where is the strongest human muscle located?Jaw
42%
How many presidents have been impeached?3
36%
How many cards are there in a deck of Uno?108
27%
How many books are in the Catholic Bible?73
24%
How many homicides did Ted Bundy admit to?30
12%
Where did sushi originate?China
6%

Score Distribution

Percentile by Number Answered

Percent of People with Each Score

Your Score History

You have not taken this quiz